| 000 | 00463cam a2200181ua 4500 | ||
|---|---|---|---|
| 020 | _c7.20 | ||
| 041 |
_aeng _h |
||
| 082 |
_a510 _bFOR/MA |
||
| 100 | _aForrest, S N . | ||
| 245 |
_aMathematics for technical students:Junior course / _cS N Forrest. _hTextual Documents |
||
| 250 |
_a3 / _b. |
||
| 260 |
_aLondon : _bEdward Arnold Publications Ltd , _c1920. |
||
| 300 | _a304 ; . | ||
| 365 | _a7.20 | ||
| 504 | _a | ||
| 942 | _cBK | ||
| 999 |
_c9445 _d9445 |
||